How Do You Spell That? Quiz Stats

 Plays Quiz Updated Jan 24, 2019

Support Sporcle.
Go Orange.
Score 0/28 Timer 02:00
3 Plays Today
#1 Correct Word % Correct
·Febuary·???
81.9%
·acceptable·???
81.6%
·cieling·???
81.3%
·restaurant·???
79%
·calender·???
77%
·personel·???
76.9%
·psychic·???
76.7%
·monkies·???
76.1%
·amateur·???
74.7%
·questionnaire·???
73.8%
·independant·???
73.5%
·kaleidoscope·???
72.9%
·rhythm·???
71.9%
·changable·???
71.6%
#1 Correct Word % Correct
·seperate·???
70.4%
·relevant·???
69.7%
·priviledge·???
69.2%
·flourescent·???
66.1%
·sergeant·???
65.7%
·daquiri·???
61.1%
·occurrance·???
59.8%
·memento·???
59.7%
·camaraderie·???
59.2%
·pronunciation·???
55.5%
·harrass·???
55.5%
·drunkeness·???
47.9%
·sacrilegious·???
37%
·bellwether·???
33.1%

From the Vault

Movies Cut Off At 'I'

by MSUKent

Movies 5m
We're glad that these movies cut off at I, rather than cutting off an eye.
Remove Ads.
Support Sporcle.
Get the best of Sporcle when you Go Orange. This ad-free experience offers more features, more stats, and more fun while also helping to support Sporcle. Thank you for becoming a member.

Show Comments

Extras

Top Quizzes Today


Score Distribution

Your Account Isn't Verified!

In order to create a playlist on Sporcle, you need to verify the email address you used during registration. Go to your Sporcle Settings to finish the process.

Report this User

Report this user for behavior that violates our Community Guidelines.

Details: